Stades de Foot d'Europe par images - Statistiques

Statistiques générales
  • Ce quiz a été pris 477 fois
  • Le résultat moyen est 8 sur 16
Statistiques - réponses
Par images Réponse % Correct
camp nou
97%
orange velodrome
89%
parc des princes
85%
santiago bernabeu
85%
anfield
76%
allianz arena
74%
san siro
74%
emirates stadium
48%
groupama stadium
38%
mestalla
23%
Tottenham hotspurs stadium
15%
estadio da luz
13%
celtic park
11%
stadio olimpico
11%
johan cruyff arena
10%
signal induna park
9%
Aucun quiz correspondant
Distribution des résultats
% des personnes avec chaque résultat
Percentile par nombre de réponses
Votre historique - résultats
Vous n’avez pas pris ce quiz